01751agaaa2200289 45000010005000000030009000050050017000140070009000310080040000400400023000800410013001031000043001161300017001592450162001762500022003382600133003603000034004935080139005275110088006665200447007545380016012015460013012176500066012307000053012967000055013497000057014048903IT-RoPAU20220918181238.0d cvaizq50131s9999||||xx ||| | || ||und|| aIT-RoPAUcIT-RoPAU aITALIANO aWenders WimgCodice regista SPICS: 499 aLISBON STORY aLISBON STORYcProdotto da: Felsberg U. Pranco P -- Sceneggiatura: Wenders Wim -- Diretto da: Wenders WimpLISBON STORY (Rif. Codice opera principale : H8903) aEdizione Standard aBERLINO (GERMANIA)bROAD MOVIES FILMPRODUKTIONS / Distribuzione: MAGAZZINO DISPg"1994 (1° ed.: 2009 ; Ed. Lingua Orig.: 1994)" aDVDbsonoro, col.c105 minuti a"Fotografia: Rinzler Lisa; Montaggio: Schnee A. Przygodda ; Musica: Madredeus ; Sceneggiatura: Wenders Wim; Scenografia: Branco Ze'; " a"Vogler Rudiger; Bauchau Patrick; Salguerio Teresa; Madredeus; De; Oliveira Manoel" aPHILIP, TECNICO DEL SUONO, RAGGIUNGE UN VECCHIO AMICO REGISTA A LISBONA PER GIRARE UN FILM. L'AMICO E' SCOMPARSO. L'UNICA TRACCIA CHE HA LASCIATO E' UN FILM IN MOVIOLA. A PHILIP NON RIMANE CHE GIRARE DA SOLO PER LA CITTA' REGISTRANDO RUMORI E SUONI. CONOSCE LA GENTE DEL LUOGO, FA AMICIZIA CON DEI BAMBINI, S'IMBATTE IN ALCUNI GANGSTER E S'INNAMORA DELLA CANTANTE DEI MADREDEUS. ALLA FINE RITROVA L'AMICO IN PREDA AD UNA SILGOLARE OSSESSIONE. aPAL, STEREO aITALIANO aDRAMMA - ALLEGORIeDVD-FILM [DVD]xCodice MATERIA SPICS: 9947 aMadredeus e(musica)gCodice Musica SPICS: 43668 aWenders Wim e(regista)gCodice regista SPICS: 499 aWenders Wim e(soggetto)gCodice Soggetto SPICS: 499